Statistiken für Markgrafen von Brandenburg

Klicken Sie hier um das Quiz zu spielen!

Allgemein

  • Dieses Quiz wurde 18 mal gespielt
  • Das Durchschnittsergebnis liegt bei 27 aus 40

Antwortstatistiken

AmtszeitNameBeiname% Korrekt
11415-1440Friedrich I
100%
21440-1471Friedrich IIder Eiserne (Eisenzahn)
100%
141740-1786Friedrich IIder Große / der alte Fritz
100%
191888Friedrich III
100%
121688-1713Friedrich IIIder Erste
100%
111640-1688Friedrich Wilhelmder Große Kurfürst
100%
131713-1740Friedrich Wilhelm Ider Soldatenkönig
100%
151786-1797Friedrich Wilhelm II
100%
161797-1840Friedrich Wilhelm III
100%
171840-1861Friedrich Wilhelm IV
100%
81598-1608Joachim Friedrich
100%
101619-1640Georg Wilhelm
93%
41486-1499JohannCicero
93%
71571-1598Johann Georg
93%
51220-1266Johann I
93%
91608-1619Johann Sigismund
93%
181861-1888Wilhelm I
93%
201888-1918Wilhelm II
93%
91319-1320Heinrich IIdas Kind
64%
21170-1184Otto I
64%
31184-1205Otto II
64%
61220-1267Otto IIIder Fromme
64%
71267-1308Otto IVmit dem Pfeil
64%
31365-1373Otto Vder Faule
64%
21127-1150Pribislaw / Heinrich
64%
11323-1351Ludwig Ider Ältere
57%
21351-1364Ludwig IIder Römer
57%
31471-1486AlbrechtAchilles
50%
11150-1170Albrecht Ider Bär
50%
41205-1220Albrecht II
50%
51499-1535Joachim INestor
50%
61535-1571Joachim IIHector
50%
21378-1415Sigismund
50%
11373-1378Wenzelder Faule
29%
31388-1411Jobst
21%
81308-1319Waldemarder Große
21%
X1348-1350Waldemarder Falsche
21%
31150-1168Jaczavon Köpenick
14%
11320-1323Rudolf
14%
1?-1127Meinfried
7%

Verteilung der Resultate

Perzentil nach korrekt beantworteten Fragen

Anzahl Personen mit jedem Resultat

Ihre Resultats-Entwicklung

Sie haben dieses Quiz noch nicht gespielt